000 01251nam a2200289 a 4500
001 BRL_1461
005 20190320211223.0
008 160114s1986----u--abo####---#000-0#eng-#
020 _a0912089040
041 _aeng
044 _au
050 4 _aF1219.3.C75
_b.C67 1986
245 1 0 _aCostume as communication
_bethnographic costumes and textiles from Middle America and the Central Andes of South America in the collections of the Haffenreffer Museum of Anthropology, Brown University, Bristol, Rhode Island
_cby Margot Blum Schevill ; E.M. Franquemont, Andean consultant and essayist.
260 _aSeatle, WA
_bThe University of Washington
_c1986
300 _avi, 138 p.
_bil., mapas
_c28 cm.
440 0 _aStudies in anthropology and material culture
_v4
_926994
500 _aAu1619
504 _aBibliografía: p. 131-138
610 2 4 _aHaffenreffer Museum of Anthropology
_vCatálogos
_926995
650 1 4 _aIndígenas de México
_vCatálogos
_xIndumentaria
_926996
650 1 4 _aIndígenas de América Central
_vCatálogos
_xIndumentaria
_926997
650 1 4 _aIndígenas de América del Sur
_vCatálogos
_xIndumentaria
_926998
700 1 _aSchevill, Margot
_926999
700 1 _aFranquemont, E. M.
_927000
902 _aGRL
942 _2lcc
_cB
999 _c10271
_d10271